Statistics for AWS Regions

Click here to take the quiz!

General Stats

  • This quiz has been taken 26 times
  • The average score is 17 of 31

Answers on the Map

Answers color-coded by a green-red scale on the quiz's map according to % correct below.
 

Answer Stats

ContinentAWS Region% Correct
EuropeLondon
81%
EuropeParis
81%
Australia and New ZealandSydney
81%
Asia PacificTokyo
81%
EuropeStockholm
76%
EuropeIreland
71%
Middle EastUAE
71%
EuropeFrankfurt
67%
Asia PacificMumbai
67%
South AmericaSão Paulo
67%
Asia PacificBeijing
62%
AfricaCape Town
62%
Asia PacificJakarta
62%
EuropeMilan
62%
Asia PacificSeoul
62%
Asia PacificSingapore
62%
North AmericaCanada (Central)
57%
North AmericaNorthern California
57%
Asia PacificHong Kong SAR
52%
Australia and New ZealandMelbourne
52%
North AmericaNorthern Virginia
48%
North AmericaGovCloud (US-East)
43%
North AmericaGovCloud (US-West)
43%
North AmericaOhio
38%
North AmericaOregon
38%
Middle EastBahrain
33%
EuropeSpain
33%
EuropeZurich
33%
Asia PacificOsaka
29%
Asia PacificHyderabad
24%
Asia PacificNingxia
19%

Score Distribution

Percentile by Number Answered

Percent of People with Each Score

Your Score History

You have not taken this quiz